| 000 | 00746nam a22001937a 4500 | ||
|---|---|---|---|
| 005 | 2010081608438.0 | ||
| 010 | _aENG-100548 | ||
| 020 |
_a9380528113 _c50.00 |
||
| 035 | _aEN-84081 | ||
| 037 | _bDBAD/PUB | ||
| 082 | _a629.89 | ||
| 100 |
_aNandhagopal, N. _913722 |
||
| 245 |
_aPIC microcontroller : _bglobal positioning system design / _cby N. Nandhagopal |
||
| 260 |
_aSalem _bM. S. K. Publications _c2009 |
||
| 270 |
_a2/189-E, Athanoor Amman Kovil Street, Masinagan Patti - POst Ayyothiya Pattinam _bSalem _e636103 |
||
| 300 |
_a100p. _c20cm (pbk) |
||
| 942 |
_2ddc _cEN _h629.89 _mNAN |
||
| 999 |
_c42056 _d42056 |
||